Οι προσεγγίσεις της απώλειας ακοής από την εκπαιδευτική κοινότητα : διπλωματική εργασία
Απώτερος σκοπός της παρούσας εργασίας είναι να σκιαγραφήσουμε όσο το δυνατό ακριβέστερα τις προσεγγίσεις που επικράτησαν στην εκπαιδευτική κοινότητα όσον αφορά το ζήτημα της κώφωσης. Πιο συγκεκριμένα, επιχειρούμε να αναδείξουμε ποιοι ήταν οι συμβολισμοί, οι νοηματοδοτήσεις και οι τρόποι με τους οποί...
Αποθηκεύτηκε σε:
| Κύριος συγγραφέας: | |
|---|---|
| Συγγραφή απο Οργανισμό/Αρχή: | |
| Μορφή: | Thesis Βιβλίο |
| Γλώσσα: | Greek |
| Δημοσίευση: |
2015.
|
| Θέματα: | |
| Διαθέσιμο Online: | http://hdl.handle.net/11610/14440 |
| Ετικέτες: |
Προσθήκη ετικέτας
Δεν υπάρχουν, Καταχωρήστε ετικέτα πρώτοι!
|
MARC
| LEADER | 00000cam a2200000 a 4500 | ||
|---|---|---|---|
| 001 | 1/110353 | ||
| 008 | 160318s2015####gr | ||| |||| ||gre|| | ||
| 040 | |a GR-MyUa |b gre |c GR-MyUa |e AACR2 | ||
| 041 | 0 | |a gre | |
| 082 | 7 | |a 362.4 |2 (23) | |
| 100 | 1 | |a Τηλεμάχου, Δέσποινα. | |
| 245 | 1 | 3 | |a Οι προσεγγίσεις της απώλειας ακοής από την εκπαιδευτική κοινότητα : |b διπλωματική εργασία / |c επιβλέπων καθηγητής: Π. Πανόπουλος ; φοιτήτρια: Δ. Τηλεμάχου. |
| 260 | |c 2015. | ||
| 300 | |a 60 σ. ; |c 29 εκ. | ||
| 502 | |a Διατριβή (μεταπτυχιακή) - Πανεπιστήμιο Αιγαίου, Λέσβος, 2015. | ||
| 504 | |a Περιλαμβάνει βιβλιογραφία και παράρτημα με πίνακες. | ||
| 506 | 1 | |a Ηλεκτρονική διάθεση στο πλήρες κείμενο - περιορισμένης πρόσβασης ; |b Ελεύθερη διάθεση μόνο στα μέλη του Πανεπιστημίου Αιγαίου. | |
| 520 | 8 | |a Απώτερος σκοπός της παρούσας εργασίας είναι να σκιαγραφήσουμε όσο το δυνατό ακριβέστερα τις προσεγγίσεις που επικράτησαν στην εκπαιδευτική κοινότητα όσον αφορά το ζήτημα της κώφωσης. Πιο συγκεκριμένα, επιχειρούμε να αναδείξουμε ποιοι ήταν οι συμβολισμοί, οι νοηματοδοτήσεις και οι τρόποι με τους οποίους προσεγγίστηκε το ζήτημα της απώλειας ακοής στις σχολικές κοινότητες. Για την επίτευξη του στόχου μας επιλέξαμε να εμβαθύνουμε στη μελέτη των διάφορων πτυχών και εκφάνσεων που έλαβαν τόσο οι τυπικές μορφές εκπαίδευσης των κωφών ατόμων, όσο και οι άτυπες. Ως εκ τούτου, έπειτα από τη διασαφήνιση των ορισμών των μορφών εκπαίδευσης, γίνεται αντιληπτό ότι στην προσπάθεια μας να αναδείξουμε τις αντιλήψεις, στάσεις και αναπαραστάσεις που υιοθετήθηκαν από την ευρύτερη εκπαιδευτική κοινότητα (γονείς, κωφούς ή ακούοντες συμμαθητές κωφών ατόμων, δασκάλους, διευθυντές), όπως βέβαια αυτές απορρέουν μέσα από τη μελέτη των τυπικών και άτυπων μορφών εκπαίδευσης, χρειάστηκε να ασχοληθούμε με ζητήματα όπως το επίσημο θεσμικό πλαίσιο, οι νομοθετικές ρυθμίσεις που σχετίζονται με την εκπαίδευση κωφών, οι συνθήκες δημιουργίας κοινότητας κωφών σε τοπικό και διεθνή επίπεδο, το επιλεγέν σχολικό περιβάλλον, ο καθορισμός και η επιλογή των διδακτικών μεθόδων, η θέση που τύγχανε η Νοηματική Γλώσσα στη σχολική εκπαίδευση, το εκπαιδευτικό υπόβαθρο των δασκάλων, οι τρόποι κοινωνικοποίησης των μαθητών εντός των σχολικών μονάδων και σε κάποιες περιπτώσεις με τις προεκτάσεις που λάμβανε εκτός της σχολικής μονάδας, με τις σχέσεις δασκάλων- γονέων- μαθητών. Η παρούσα διπλωματική εργασία θα λέγαμε ότι επιχειρεί να προσεγγίσει το νοηματικό περιεχόμενο, τους συμβολισμούς και τις καταστάσεις με τις οποίες συνδέθηκε ιστορικά και πολιτισμικά η κώφωση στον τομέα της εκπαίδευσης και της σχολικής ζωής. | |
| 650 | 0 | |a Deaf children |x Education. | |
| 650 | 0 | |a Deaf |x Education. | |
| 650 | 0 | |a Deaf |z Greece. | |
| 650 | 0 | |a People with disabilities |x Education |z Greece. | |
| 700 | 1 | |a Πανόπουλος, Παναγιώτης, |e dgs | |
| 710 | 2 | |a Πανεπιστήμιο Αιγαίου. |b Σχολή Κοινωνικών Επιστημών. |b Τμήμα Κοινωνικής Ανθρωπολογίας και Ιστορίας. |b Πρόγραμμα Μεταπτυχιακών Σπουδών Κοινωνική και Ιστορική Ανθρωπολογία. | |
| 852 | |a INST |b LESVOS |c DIATR |e 20160318 |h 251 |p 005100057213 |q 005100057213 |t MTXE |y 23 | ||
| 856 | |u http://hdl.handle.net/11610/14440 | ||
| 924 | |a Τηλεμάχου |b Δέσποινα |y Λέσβος |z 2015-10 | ||
| 970 | |a Πατσή |b Ανθίππη |z 18-03-2016 | ||